000 00342nam a22001457a 4500
008 221206b ||||| |||| 00| 0 eng d
020 _a9780078025662
041 _aeng
080 _2TENTH EDITION
_a330.101
082 _a330.101 HIL
100 _a23.1
101 _aMANAG
245 _aMANAGERIAL ACCOUNTING
_cHILTON W.R
942 _2udc
_cBK
999 _c59111
_d59111